| 000 | 00634pab a2200205 454500 | ||
|---|---|---|---|
| 008 | 180718b2004 xxu||||| |||| 00| 0 eng d | ||
| 100 | _aNgware, Neema M. | ||
| 245 | _aPoverty reduction through decentralization: a case study of the issues faced by women in the informal sector of urban Tanzania | ||
| 260 | _c2004 | ||
| 300 | _ap.157-72. | ||
| 362 | _aSpring | ||
| 650 | _aLocal government - Tanzania | ||
| 650 | _aWomen - Tanzania | ||
| 650 | _aPoverty - Case studies | ||
| 650 | _aPoverty - Tanzania | ||
| 650 | _aPoverty | ||
| 700 | _aNgware, Suleiman S.A. | ||
| 773 | _aRegional Development Dialogue | ||
| 909 | _a63472 | ||
| 999 |
_c63472 _d63472 |
||